000 00605nam a2200193Ia 4500
003 GCL
008 140319s9999 xx 000 0 ara d
040 _aGCL /
_cGCL
082 0 4 _aط
_b212
_bم ح
100 1 _aمحمد طاهر اللادقى
245 1 0 _aالحديقة الدينيه /
_cمحمد طاهر اللادقى
260 _aبيروت :
_bمكتبة المعارف
300 _a128 ص ؛
_c24 سم
650 0 4 _aطرق التدريس
650 0 4 _aالاسلام
650 0 4 _aالائمة والاولياء
650 0 4 _aالعبادات( فقه اسلامى )
942 _2ddc
_cBK
999 _c45176
_d45176